000 01127cam a22003854i 4500
003 PE-LiUPU
005 20250731173300.0
008 150625s r 000 0 d
035 _a(Sirsi) a36041
040 _aPE-LiUPU
_bspa
_cPE-LiUPU
_erda
082 0 4 _a220.956
_bL697
_223
130 _aBiblia.
_lJaponés.
_f[195 ].
245 1 1 _a[Libros sagrados del Antiguo y Nuevo Testamento] /
_c[Federación de Sociedades del libro sagrado].
264 1 _aEstados Unidos :
_b[Federación de Sociedades del libro sagrado],
_c[1950].
300 _a1488 páginas ;
_c21 centímetros
336 _atext
_2rdacontent
337 _aunmediated
_2rdamedia
338 _avolume
_2rdacarrier
505 0 _aBiblia completa en escritura Japonés.
526 _aSEG42
526 _aSEG41
526 _aSEG40
526 _aSEG39
526 _aP94
526 _aP87
526 _aP86
526 _aP85
526 _aP77
526 _aP76
526 _aP35
630 1 4 _aBiblia.
_lJaponés.
_f[1950].
942 _2ddc
_cBK
980 _81
_gALBERTO SANCHEZ Responsable de Automatización
999 _c44071
_d44071